A Mesterséges Intelligencia használata a bank szektor külső és belső környezetében

Bibliográfiai részletek
Szerző: Petrovai Kevin
További közreműködők: Szabó Károly
Dokumentumtípus: TDK dolgozat
Kulcsszavak:adatbiztonság
automatizáció - automatizálás
bank
mesterséges intelligencia
ügyfélélmény
Online Access:http://dolgozattar.uni-bge.hu/60433

MARC

LEADER 00000nta a2200000 i 4500
001 dolg60433
005 20260416073704.0
008 260416suuuu hu o 000 hun d
040 |a BGE Dolgozattár Repozitórium  |b hun 
041 |a hu 
100 1 |a Petrovai Kevin 
245 1 2 |a A Mesterséges Intelligencia használata a bank szektor külső és belső környezetében  |c Petrovai Kevin  |h [elektronikus dokumentum] 
516 |a Students_Scientific_Association_paper 
520 3 |a A dolgozat a mesterséges intelligencia banki szektorban betöltött szerepét és hatásait vizsgálja, különös tekintettel annak külső és belső környezeti vonatkozásaira. A kutatás célja, hogy átfogó képet adjon az MI alkalmazási lehetőségeiről a kereskedelmi bankok működésében, a hatékonyság-, versenyképesség- és ügyfélélmény-növelés szempontjából. A dolgozat bemutatja az MI technológiai alapjait, történeti fejlődését és integrációját a pénzügyi szektorban. Empirikus kutatás keretében elemzi az ügyintézők és ügyfelek attitűdjeit, tapasztalatait, valamint az MI nyújtotta előnyöket és kockázatokat. Az eredmények rámutatnak, hogy a mesterséges intelligencia nem pusztán technológiai újítás, hanem stratégiai eszköz, amely hozzájárul a digitalizáció elmélyítéséhez, a kockázatkezelés fejlesztéséhez és a fenntartható banki működéshez. A dolgozat végül javaslatokat fogalmaz meg az MI-bankolás jövőbeli fejlesztési irányaira. 
695 |a adatbiztonság 
695 |a automatizáció - automatizálás 
695 |a bank 
695 |a mesterséges intelligencia 
695 |a ügyfélélmény 
700 1 |a Szabó Károly  |e ths 
856 4 0 |u http://dolgozattar.uni-bge.hu/60433/1/Petrovai%20Kevin%20TDK%20Dolgozat.pdf  |z Dokumentum-elérés 
856 4 0 |u http://dolgozattar.uni-bge.hu/60433/2/Rez%C3%BCm%C3%A9%20TDK.pdf  |z Dokumentum-elérés 
856 4 0 |u http://dolgozattar.uni-bge.hu/60433/3/05_Dolgozat_biralati_lap_2025_Petrovai%20Kevin.pdf  |z Dokumentum-elérés 
856 4 0 |u http://dolgozattar.uni-bge.hu/60433/4/05_Dolgozat_biralati_lap_2025_HUPetrovai%20Kevin.pdf  |z Dokumentum-elérés